|
|
|
|
| LEADER |
00827nta a2200205 i 4500 |
| 001 |
dipl97071 |
| 005 |
20210126081528.0 |
| 008 |
210106s2010 hu om 0|| zxx d |
| 040 |
|
|
|a SZTE Diploma Repozitórium
|b hun
|
| 041 |
|
|
|a zxx
|
| 100 |
1 |
|
|a Varga Péter
|
| 245 |
1 |
2 |
|a A Kossuth Múzeum könyvtára és a gyűjtemény Kossuth Lajosra vonatkozó bibliográfiája
|h [elektronikus dokumentum] /
|c Péter Varga
|
| 246 |
1 |
0 |
|a The library of the Kossuth Museum and the bibliography of the Louis Kossuth literature
|h [elektronikus dokumentum]
|
| 260 |
|
|
|c 2010
|
| 650 |
|
4 |
|a Pedagógusképzés
|
| 650 |
|
4 |
|a Social sciences
|
| 650 |
|
4 |
|a Media and communications
|
| 650 |
|
4 |
|a Library science
|
| 700 |
2 |
|
|a Barátné dr. Hajdu Ágnes
|e ths
|
| 856 |
4 |
0 |
|u http://diploma.bibl.u-szeged.hu/id/eprint/97071/1/2010_varga_peter.pdf
|z Dokumentum-elérés
|